Statistics for The Parts of the Plant

Click here to take the quiz!

General Stats

  • This quiz has been taken 23 times
  • The average score is 7 of 15

Answer Stats

QuestionAnswer% Correct
Choose the plant that carries their seeds the furthest by seed dispersalDandelion
81%
Choose the wrong statementFlowers only carry female cells
81%
Why are dicotyledon plants called so?Because they have two cotylenons
63%
Part of the plant involved in transporting water and nutrients up the stemXylem
56%
Choose the ODD one outMid rib
50%
Which one is NOT a part of the leafReceptacle
50%
Which of the following is the seed leaf?Cotyledon
44%
Where is the food storage in a seed?Endosperm
44%
This part allows air in and out of the stemLenticels
44%
The job of this ingredient is to constantly make new xylem and phloem cellsCambium
38%
Part of the plant that carries the male spermPollen
38%
Monocot flower parts come in....Multiples of 3
31%
What does the phloem carry?Starch
25%
Choose the ODD one outCucumber
19%
Which of the following plants is wind pollinated?Leyland
0%

Score Distribution

Percentile by Number Answered

Percent of People with Each Score

Your Score History

You have not taken this quiz